000 00595nam a2200205 i 4500
003 OSt
005 20150126164809.0
008 890804s1987 sp spa
020 _a84-7140-2564
040 _cBMC
082 _a973.918092
100 1 _aMcCoy, Donald R.
_929966
245 1 3 _aLa presidencia de Harry S. Truman
_cDonald R. McCoy ; [traductor, Juan Génova]
260 1 _aMadrid
_bSan Martín
_cD.L. 1987
300 _a379 p.
_c21 cm
504 _aBibliografía: p. 369-379
600 2 4 _aTruman, Harry S.
_d1884-1972
_917792
700 1 _929967
_aGénova, Juan
942 _2ddc
_cBK
999 _c17154
_d17154